000 00300nam a2200133Ia 4500
008 191201s2008 xx 000 0 und d
100 _aGupta,S P
245 0 _aBusiness Statistics
250 _a15th
260 _c2008
_bSultan Chand
_aN.Delhi
300 _a712
650 _aMBA
942 _2ddc
_cBB
_07
999 _c7272
_d7272